<?xml version="1.0" encoding="UTF-8"?>
<record
    xmlns:xsi="http://www.w3.org/2001/XMLSchema-instance"
    xsi:schemaLocation="http://www.loc.gov/MARC21/slim http://www.loc.gov/standards/marcxml/schema/MARC21slim.xsd"
    xmlns="http://www.loc.gov/MARC21/slim">

  <leader>00816nam a22002537a 4500</leader>
  <controlfield tag="005">20170123162348.0</controlfield>
  <datafield tag="010" ind1=" " ind2=" ">
    <subfield code="a">A-163315</subfield>
  </datafield>
  <datafield tag="020" ind1=" " ind2=" ">
    <subfield code="c">25.00</subfield>
  </datafield>
  <datafield tag="035" ind1=" " ind2=" ">
    <subfield code="a">A-163315</subfield>
  </datafield>
  <datafield tag="037" ind1=" " ind2=" ">
    <subfield code="b">Cen Lib/Ret</subfield>
  </datafield>
  <datafield tag="040" ind1=" " ind2=" ">
    <subfield code="a">DPL</subfield>
    <subfield code="b">UR</subfield>
  </datafield>
  <datafield tag="082" ind1=" " ind2=" ">
    <subfield code="a">270.4</subfield>
    <subfield code="b">&#x627; &#x62E; &#x644; </subfield>
  </datafield>
  <datafield tag="100" ind1=" " ind2=" ">
    <subfield code="a">&#x627;&#x62E;&#x644;&#x627;&#x642; &#x62F;&#x6C1;&#x644;&#x648;&#x6CC; </subfield>
    <subfield code="9">140930</subfield>
  </datafield>
  <datafield tag="245" ind1=" " ind2=" ">
    <subfield code="a">&#x622;&#x6CC;&#x646;&#x6C1; &#x645;&#x644;&#x641;&#x648;&#x638;&#x627;&#x62A; /</subfield>
    <subfield code="c">&#x627;&#x62E;&#x644;&#x627;&#x642; &#x62F;&#x6C1;&#x644;&#x648;&#x6CC; </subfield>
  </datafield>
  <datafield tag="246" ind1=" " ind2=" ">
    <subfield code="a">Aina-e-malfuzat /</subfield>
    <subfield code="b">by Akhlaq Dehlvi </subfield>
  </datafield>
  <datafield tag="260" ind1=" " ind2=" ">
    <subfield code="a">&#x62F;&#x6C1;&#x644;&#x6CC; </subfield>
    <subfield code="b">&#x6A9;&#x62A;&#x628; &#x62E;&#x627;&#x646;&#x6C1; &#x627;&#x646;&#x62C;&#x645;&#x646; &#x62A;&#x631;&#x642;&#x6CC; &#x627;&#x631;&#x62F;&#x648; </subfield>
    <subfield code="c">1983</subfield>
  </datafield>
  <datafield tag="270" ind1=" " ind2=" ">
    <subfield code="b">&#x62F;&#x6C1;&#x644;&#x6CC; </subfield>
    <subfield code="a">&#x62C;&#x627;&#x645;&#x6C1; &#x645;&#x633;&#x62C;&#x62F; </subfield>
    <subfield code="e">110006</subfield>
  </datafield>
  <datafield tag="300" ind1=" " ind2=" ">
    <subfield code="a">280p.</subfield>
    <subfield code="c">21cm(Hb)</subfield>
  </datafield>
  <datafield tag="650" ind1=" " ind2=" ">
    <subfield code="a">&#x645;&#x630;&#x6C1;&#x628; -- &#x627;&#x633;&#x644;&#x627;&#x645; </subfield>
    <subfield code="9">140931</subfield>
  </datafield>
  <datafield tag="650" ind1=" " ind2=" ">
    <subfield code="a"> &#x627;&#x633;&#x644;&#x627;&#x645;&#x6CC; &#x627;&#x644;&#x6C1;&#x6CC;&#x627;&#x62A;</subfield>
    <subfield code="9">1541</subfield>
  </datafield>
  <datafield tag="650" ind1=" " ind2=" ">
    <subfield code="a">Religion -- Islam</subfield>
    <subfield code="9">92070</subfield>
  </datafield>
  <datafield tag="650" ind1=" " ind2=" ">
    <subfield code="a">Islamic theology</subfield>
    <subfield code="9">140932</subfield>
  </datafield>
  <datafield tag="942" ind1=" " ind2=" ">
    <subfield code="2">ddc</subfield>
    <subfield code="c">UR</subfield>
    <subfield code="h">270.4</subfield>
    <subfield code="m">&#x627; &#x62E; &#x644; </subfield>
  </datafield>
  <datafield tag="999" ind1=" " ind2=" ">
    <subfield code="c">109025</subfield>
    <subfield code="d">109025</subfield>
  </datafield>
  <datafield tag="952" ind1=" " ind2=" ">
    <subfield code="0">0</subfield>
    <subfield code="1">0</subfield>
    <subfield code="4">0</subfield>
    <subfield code="7">0</subfield>
    <subfield code="a">L</subfield>
    <subfield code="b">L</subfield>
    <subfield code="d">2016-02-18</subfield>
    <subfield code="e">Cen Lib/Ret</subfield>
    <subfield code="g">25.00</subfield>
    <subfield code="l">0</subfield>
    <subfield code="o">270.4 &#x627; &#x62E; &#x644;</subfield>
    <subfield code="p">A-163315</subfield>
    <subfield code="r">2016-02-18 00:00:00</subfield>
    <subfield code="t">1</subfield>
    <subfield code="v">25.00</subfield>
    <subfield code="w">2016-02-18</subfield>
    <subfield code="y">UR</subfield>
  </datafield>
</record>
